Fundamental of Management: Essential concept and app (Record no. 2340)

MARC details
000 -LEADER
fixed length control field 00440nam a22001697a 4500
005 - DATE AND TIME OF LATEST TRANSACTION
control field 20210902102100.0
008 - FIXED-LENGTH DATA ELEMENTS--GENERAL INFORMATION
fixed length control field 160601b xxu||||| |||| 00| 0 eng d
020 ## - INTERNATIONAL STANDARD BOOK NUMBER
ISBN 81-7808-509-7
041 ## - LANGUAGE CODE
Language code of text/sound track or separate title eng
082 ## - DEWEY DECIMAL CLASSIFICATION NUMBER
Item number 6721
Classification number 658
100 ## - MAIN ENTRY--AUTHOR NAME
Personal name Robbins, Stephen & Decenzo David A.
245 ## - TITLE STATEMENT
Title Fundamental of Management: Essential concept and app
260 ## - PUBLICATION, DISTRIBUTION, ETC. (IMPRINT)
Name of publisher Pearsons
Year of publication 2002
300 ## - PHYSICAL DESCRIPTION
Number of Pages 468
650 ## - SUBJECT ADDED ENTRY--TOPICAL TERM
Topical Term Management
942 ## - ADDED ENTRY ELEMENTS (KOHA)
Koha item type Books
Holdings
Lost status Damaged status Collection code Home library Current library Shelving location Date acquired Full call number Accession Number Koha item type
    MANAGEMENT JRU Library JRU Library SHELF-38-C 01/06/2016 658 6721 Books
      JRU Library   SHELF-70 D 01/06/2016 658 6722 Books
    Reference JRU Library   SHELF-28-F 01/06/2016 658 6723 Books